| 000 | 01312naa a22003497a 4500 | ||
|---|---|---|---|
| 001 | BR8801243 | ||
| 003 | BR-BrBNA | ||
| 005 | 20240918175953.0 | ||
| 007 | ta | ||
| 008 | 230509b bl.||||| |||| 00| 0 por d | ||
| 040 |
_aBR-BrBNA _bpor _cBiblioteca Nacional de Agricultura |
||
| 041 | _a(Pt) | ||
| 072 |
_aF30 _b0120 _bG514 |
||
| 090 | _aF30 BR8801243 | ||
| 100 | 1 | _aSilva, L.C.M. da | |
| 100 | 1 | _aGuadagnin, J.P. | |
| 100 | 1 | _aNuss, C. | |
| 100 | 1 | _aCorrea, O. de O. | |
| 100 | 1 | _aSimonetto, P. | |
| 111 | 1 |
_a30. Reuniao Tecnica Anual do Milho _cPorto Alegre, RS (Brazil) _d6 Aug 1987 |
|
| 245 | 1 | _aComportamento de hibridos tardios de milho no estado do Rio Grande do Sul - 1984/85 | |
| 246 | 1 | _a[Reaction of late maize hybrids in the state of Rio Grande do Sul - 1984/85] | |
| 246 | 1 | _a[Proceedings of the 30th Maize Technical Annual Reunion] | |
| 260 | 3 |
_aPorto Alegre, RS (Brasil): _c1985. |
|
| 500 | _aAta da 30. Reuniao Tecnica Anual do Milho Porto Alegre, RS (Brasil): 1985. p. 233-259 (BR8801243-AM)F30 | ||
| 650 | _aMILHO | ||
| 650 | _aCOMPORTAMENTO DE VARIEDADE | ||
| 650 | _aRIO GRANDE DO SUL | ||
| 773 | 0 |
_tAta da 30. Reuniao Tecnica Anual do Milho _wF30 BR8801243 _gPorto Alegre, RS (Brasil), 1985. p. 233-259 |
|
| 909 |
_a202404 _bLucia _c55 _dLucia Elande |
||
| 942 |
_cAM _2AGRIS |
||
| 999 |
_c319029 _d319029 |
||